000 00283nam a22001337a 4500
008 170905b xxu||||| |||| 00| 0 eng d
020 _a9780785811367
041 _aeng
080 _a94
100 _a25
101 _aHIS
245 _aWORLD WAR EXTRA
_cCAREN,E.C
942 _2udc
_cBK
999 _c26203
_d26203